LIBRARY & INFORMATION CENTRE, KCAET, TAVANUR

ONLINE PUBLIC ACCESS CATALOGUE (OPAC)

Soil analysis an interpretation manual / (Record no. 13418)

MARC details
000 -LEADER
fixed length control field 00468cam a2200169ua 4500
003 - CONTROL NUMBER IDENTIFIER
control field OSt
008 - FIXED-LENGTH DATA ELEMENTS--GENERAL INFORMATION
fixed length control field 240223b |||||||| |||| 00| 0 eng d
041 ## - LANGUAGE CODE
Language code of text/sound track or separate title eng
082 ## - DEWEY DECIMAL CLASSIFICATION NUMBER
Classification number 631.4
Item number PEV/SO
100 ## - MAIN ENTRY--AUTHOR NAME
Personal name Peverill, K.I .
245 00 - TITLE STATEMENT
Title Soil analysis an interpretation manual /
260 ## - PUBLICATION, DISTRIBUTION, ETC. (IMPRINT)
Place of publication New Delhi :
Name of publisher SBS Publishers & Distributors Pvt. Ltd ,
Year of publication 2008.
300 ## - PHYSICAL DESCRIPTION
Number of Pages 370 ; .
700 1# - ADDED ENTRY--PERSONAL NAME
Personal name Reuter, D.J .
700 1# - ADDED ENTRY--PERSONAL NAME
Personal name Sparrow, L.A .
942 ## - ADDED ENTRY ELEMENTS (KOHA)
Koha item type Books
Holdings
Withdrawn status Lost status Damaged status Home library Current library Date acquired Full call number Accession Number Koha item type
      KAUAET KAUAET 07/04/2012 631.4 PEV/SO 22035 Books
free website counter